Old Testament narratives. (Record no. 3418)

000 -LEADER
fixed length control field 00537nam a2200181 a 4500
001 - CONTROL NUMBER
control field :::00001149$&:&@@
003 - CONTROL NUMBER IDENTIFIER
control field OkBaRHE
005 - DATE AND TIME OF LATEST TRANSACTION
control field 20000607103241.0
008 - FIXED-LENGTH DATA ELEMENTS--GENERAL INFORMATION
fixed length control field s1910 j 000 0 eng u
040 ## - CATALOGING SOURCE
Transcribing agency
100 1# - MAIN ENTRY--PERSONAL NAME
Personal name Baldwin, Edward Chauncey.
245 10 - TITLE STATEMENT
Title Old Testament narratives.
260 ## - PUBLICATION, DISTRIBUTION, ETC. (IMPRINT)
Place of publication, distribution, etc New York, NY., :
Name of publisher, distributor, etc American Book Co.
Date of publication, distribution, etc c1910
300 ## - PHYSICAL DESCRIPTION
Extent 170 p. ;
Dimensions 16 cm.
650 ## - SUBJECT ADDED ENTRY--TOPICAL TERM
Topical term or geographic name as entry element Bible Stories
942 ## - ADDED ENTRY ELEMENTS (KOHA)
Source of classification or shelving scheme
Koha item type Books
Copies
Source of classification or shelving scheme Koha item type Price effective from Permanent Location Date acquired Shelving location Withdrawn status Barcode Lost status Not for loan Damaged status Full call number Copy number Date last seen
 Books2010-04-14RHEMA Bible Training College2010-04-14General Stacks 1149   BS 551 .B27712018-02-20